Empire Flags Quiz :) - Statistics

General Stats
  • This quiz has been taken 34 times
  • The average score is 8 of 15
Answer Stats
Picture Answer % Correct
British Empire
88%
Mongol Empire
75%
French Empire
69%
Roman Empire
69%
Russian Empire
69%
Mexican Empire
63%
Ottoman Empire
63%
Spanish Empire
63%
Qing Dynasty
56%
Empire of Brazil
44%
Kingdom of Portugal
44%
Egypt (1922-1958)
38%
Kingdom of Greece
38%
Timurid Empire
31%
Almohad Dynasty
19%
No matching quizzes found
Score Distribution
Percent of People with Each Score
Percentile by Number Answered
Your Score History
You have not taken this quiz